00936nam a2200277 i 450000500170000000800410001702000150005804000350007304100080010810000230011624501230013925000340026226400260029630000330032233600270035533700330038233800280041549000250044365000200046865000300048865000280051865000270054670000370057370000370061008400110064720220316235315.0121119s2003 ck a gs 000 j spa d a9580410089 aCO-BoRNBPbspacCO-BoRNBPerda1 aspa1 aMuzi, Jean,eautor10aDiecisiete fábulas del rey leóncJean Muzi ; traducción de Gabriela Arciniégas ; ilustraciones de Ivar Da Coll aDécima novena reimpresión 1aBogotábNormac2003 a110 páginasbilustraciones atextobtxt2rdacontent asin mediaciónbn2rdamedia avolumenbnc2rdacarrier0 aTorre de papel. Azul142LEMBaFábulas142LEMBaLiteratura infantil142LEMBaLeonesvFábulas142LEMBaAstuciavCuentos1 aDa Coll, Ivar,d1962eilustrador1 aArciniegas, Gabriela,etraductor aC MUZ1